00592nam a22002177a 450000500170000001000110001702000100002803500110003803700170004904000120006608200150007810000200009324500750011325000110018826000430019927000230024230000310026550000200029665000390031665000190035520170124110020.0 a139576 c00.00 a139576 bCen Lib/ Ret aDPLbEN a371.2bREE aReeder, Ward G. aThe fundamentals of Public schools administration /cby Ward G. Reeder a4th ed aNew YorkbThe Macmillan Company c1958 aNew YorkbNew York axi,625p. :c20cm(Hb)bill. aIncludes index. aSchool management and organization aPublic schools